[Event "London PD/GLC Knights"]
[Site "London, County Hall"]
[Date "1984.05.02"]
[Round "7"]
[White "Hartoch, Robert"]
[Black "Jackson, Sheila"]
[Result "1/2-1/2"]
[WhiteElo "2355"]
[BlackElo "2185"]
[PlyCount "57"]
[EventDate "1984.04.26"]
[EventType "tourn"]
[EventRounds "15"]
[EventCountry "ENG"]
[EventCategory "4"]
[SourceTitle "BritBase"]
[Source "John Saunders"]
[SourceDate "2020.09.07"]
[SourceVersion "1"]
[SourceVersionDate "2020.09.07"]
[SourceQuality "2"]

1. Nf3 Nf6 2. d4 e6 3. Bg5 d5 4. c4 Be7 5. Nc3 Nbd7 6. e3 O-O 7. Rc1 h6 8. Bh4
c6 9. Bd3 dxc4 10. Bxc4 Nb6 11. Bd3 Nbd5 12. O-O Bd7 13. Ne5 Rc8 14. Qe2 Nxc3
15. bxc3 c5 16. e4 Ba4 17. Qb2 b6 18. Rfe1 Nd7 19. Nxd7 Qxd7 20. Bxe7 Qxe7 21.
d5 c4 22. Be2 Rfd8 23. Bf3 Qc5 24. Re3 a5 25. h3 b5 26. a3 Rb8 27. g3 Re8 28.
Rce1 b4 29. axb4 1/2-1/2

[Event "London PD/GLC Knights"]
[Site "London, County Hall"]
[Date "1984.05.02"]
[Round "7"]
[White "Johansen, Darryl Keith"]
[Black "Fischdick, Gisela"]
[Result "1/2-1/2"]
[WhiteElo "2475"]
[BlackElo "2215"]
[PlyCount "81"]
[EventDate "1984.04.26"]
[EventType "tourn"]
[EventRounds "15"]
[EventCountry "ENG"]
[EventCategory "4"]
[SourceTitle "BritBase"]
[Source "John Saunders"]
[SourceDate "2020.09.07"]
[SourceVersion "1"]
[SourceVersionDate "2020.09.07"]
[SourceQuality "2"]

1. Nf3 c5 2. g3 g6 3. Bg2 Bg7 4. O-O Nc6 5. c3 e5 6. a3 Nge7 7. b4 d6 8. d3 O-O
9. e4 b6 10. Nbd2 Qc7 11. Bb2 Bd7 12. Rc1 a5 13. b5 Nd8 14. a4 Be6 15. d4 Bh6
16. Qe2 f6 17. Nh4 Nf7 18. f4 Bd7 19. Nc4 Rae8 20. Ne3 Qc8 21. dxe5 dxe5 22.
Rcd1 Rd8 23. c4 Be6 24. Rxd8 Qxd8 25. Nd5 Bg7 26. Nf3 Nxd5 27. cxd5 Bg4 28. h3
Bxf3 29. Bxf3 Nd6 30. h4 Qe7 31. Bg2 Kh8 32. h5 g5 33. fxe5 fxe5 34. Rxf8+ Bxf8
35. Bh3 h6 36. Bc3 Bg7 37. Be6 Qf6 38. Qg4 Qe7 39. Bf5 Kg8 40. Bg6 Kf8 41. Qf3+
1/2-1/2

[Event "London PD/GLC Knights"]
[Site "London, County Hall"]
[Date "1984.05.02"]
[Round "7"]
[White "Large, Peter G"]
[Black "McNab, Colin Anderson"]
[Result "1-0"]
[WhiteElo "2295"]
[BlackElo "2375"]
[PlyCount "112"]
[EventDate "1984.04.26"]
[EventType "tourn"]
[EventRounds "15"]
[EventCountry "ENG"]
[EventCategory "4"]
[SourceTitle "BritBase"]
[Source "John Saunders"]
[SourceDate "2020.09.07"]
[SourceVersion "1"]
[SourceVersionDate "2020.09.07"]
[SourceQuality "2"]

1. e4 g6 2. d4 d6 3. Nc3 Bg7 4. f4 Nc6 5. Be3 Nf6 6. Nf3 O-O 7. e5 Ng4 8. Bg1
dxe5 9. dxe5 f6 10. h3 Nh6 11. Bc4+ Kh8 12. Qxd8 Rxd8 13. exf6 exf6 14. g4 Re8+
15. Kf1 Be6 16. Bxe6 Rxe6 17. Rd1 Bf8 18. Nb5 Rc8 19. Rd7 Re7 20. Rxe7 Bxe7 21.
Rh2 a6 22. Nbd4 Nxd4 23. Nxd4 Re8 24. Be3 Bd6 25. Re2 Re4 26. f5 Bf4 27. Bf2
Rxe2 28. Kxe2 Be5 29. fxg6 hxg6 30. b3 Kg8 31. Ne6 Nf7 32. Nc5 Nd6 33. Nd3 Kf7
34. Nxe5+ fxe5 35. h4 Ne4 36. Kf3 Nf6 37. c4 Ke6 38. Be3 c6 39. Bg5 Nh7 40. Bh6
Nf6 41. Bg7 Ne8 42. Bh8 b5 43. c5 Kd5 44. h5 gxh5 45. gxh5 Nc7 46. h6 Ne6 47.
Bf6 Nf8 48. Bh4 Kd4 49. Bf6 Nh7 50. Be7 Kd3 51. Kg4 e4 52. Kf5 e3 53. Ke6 Nf8+
(53... e2 54. Bh4 Ng5+ 55. Kd7 Kc2 56. Kxc6 Kd1 57. Kb6 $18) 54. Kd6 Ng6 55.
Bd8 Kc3 56. Ba5+ Kb2 1-0

[Event "London PD/GLC Knights"]
[Site "London, County Hall"]
[Date "1984.05.02"]
[Round "7"]
[White "Littlewood, Paul E"]
[Black "Condie, Mark L"]
[Result "1-0"]
[WhiteElo "2435"]
[BlackElo "2340"]
[PlyCount "79"]
[EventDate "1984.04.26"]
[EventType "tourn"]
[EventRounds "15"]
[EventCountry "ENG"]
[EventCategory "4"]
[SourceTitle "BritBase"]
[Source "John Saunders"]
[SourceDate "2020.09.07"]
[SourceVersion "1"]
[SourceVersionDate "2020.09.07"]
[SourceQuality "2"]

1. d4 Nf6 2. c4 e6 3. Nf3 d5 4. Nc3 Be7 5. Bg5 h6 6. Bxf6 Bxf6 7. Qc2 c5 8.
dxc5 Qa5 9. cxd5 exd5 10. e3 O-O 11. Be2 Qxc5 12. Rc1 Be6 13. O-O Qb6 14. Nd4
Bxd4 15. Na4 Qa5 16. exd4 Nc6 17. Rfd1 Rac8 18. Nc5 Nxd4 19. Rxd4 b6 20. b4 Qa3
21. Qc3 Qxc3 22. Rxc3 bxc5 23. bxc5 Rc6 24. f4 Rfc8 25. f5 Bxf5 26. Rxd5 Be6
27. Re5 Bxa2 28. Bf3 Re6 29. Rxe6 fxe6 30. Kf2 Kf7 31. Ke3 Kf6 32. Ra3 Bb1 33.
c6 e5 34. Bd5 Ke7 35. Rxa7+ Kd6 36. Rd7+ Kc5 37. Bf3 g6 38. Rd5+ Kxc6 39. Rd1+
e4 40. Rc1+ 1-0

[Event "London PD/GLC Knights"]
[Site "London, County Hall"]
[Date "1984.05.02"]
[Round "7"]
[White "McKay, Roderick M"]
[Black "Nicholson, John G"]
[Result "0-1"]
[WhiteElo "2355"]
[BlackElo "2260"]
[PlyCount "68"]
[EventDate "1984.04.26"]
[EventType "tourn"]
[EventRounds "15"]
[EventCountry "ENG"]
[EventCategory "4"]
[SourceTitle "BritBase"]
[Source "John Saunders"]
[SourceDate "2020.09.07"]
[SourceVersion "1"]
[SourceVersionDate "2020.09.07"]
[SourceQuality "2"]

1. d4 Nf6 2. Nf3 c5 3. e3 g6 4. Be2 Bg7 5. O-O O-O 6. c4 d6 7. Nc3 a6 8. Re1 b6
9. Bf1 Qc7 10. e4 cxd4 11. Nxd4 e6 12. Be3 Bb7 13. f3 Rd8 14. Rc1 Nbd7 15. Qd2
Rac8 16. Kh1 Qb8 17. Qf2 d5 18. cxd5 exd5 19. exd5 b5 20. Bg5 b4 21. Nc6 Bxc6
22. dxc6 Rxc6 23. Nd5 Rxc1 24. Nxf6+ Bxf6 25. Bxc1 Qd6 26. Qe2 Nc5 27. Be3 Ne6
28. Bh6 a5 29. Qc2 Bg7 30. Bc1 Be5 31. g3 Bxg3 32. Rxe6 Qxe6 33. hxg3 Qe1 34.
Kg2 Rd1 0-1

[Event "London PD/GLC Knights"]
[Site "London, County Hall"]
[Date "1984.05.03"]
[Round "8"]
[White "Britton, Richard"]
[Black "Large, Peter G"]
[Result "0-1"]
[WhiteElo "2310"]
[BlackElo "2295"]
[PlyCount "150"]
[EventDate "1984.04.26"]
[EventType "tourn"]
[EventRounds "15"]
[EventCountry "ENG"]
[EventCategory "4"]
[SourceTitle "BritBase"]
[Source "John Saunders"]
[SourceDate "2020.09.07"]
[SourceVersion "1"]
[SourceVersionDate "2020.09.07"]
[SourceQuality "2"]

1. g3 d5 2. Bg2 Nf6 3. c4 e6 4. Nf3 Be7 5. b3 O-O 6. Bb2 c5 7. O-O Nc6 8. d3 b6
9. Nbd2 Bb7 10. e4 d4 11. Qe2 e5 12. Nh4 g6 13. Bh3 Ne8 14. Ng2 Bg5 15. f4 Bh6
16. f5 Nd6 17. Rf3 Qe7 18. Nf1 Rae8 19. f6 Qd8 20. Bc1 Bxc1 21. Rxc1 h6 22. g4
g5 23. Ng3 Re6 24. Nh5 Ne8 25. Rcf1 Nb8 26. Qf2 Nd7 27. Rf5 Kh7 28. Ne1 Rg8 29.
Nf3 Rg6 (29... Nd6 $5 30. Ng7 $5 Rxf6 31. Rxf6 Nxf6 32. Nf5 Nxf5 33. exf5 e4
$17) 30. Bg2 Nexf6 31. Nxf6+ Rgxf6 32. Nd2 (32. Nxe5 $5 Nxe5 $5 (32... Rxe5 $6
33. Rxf6 Nxf6 34. Qxf6 $14) 33. Rxf6 Rxf6 34. Qxf6 Qxf6 35. Rxf6 Kg7 $44) 32...
Qe7 33. h4 gxh4 34. Bf3 Nf8 35. Kh2 Ng6 36. g5 hxg5 37. Bh5 Nf4 $19 38. Rxg5
Rh6 39. Rfg1 Nxh5 (39... Rxh5 40. Nf3 Rg6 41. Rxh5+ Nxh5 $19) 40. Qf5+ Reg6 41.
Rxh5 Rxh5 42. Qxh5+ Kg7 43. Nf3 Qf6 44. Rg4 Rxg4 45. Qxg4+ Qg6 46. Qxh4 f6 47.
Qh3 Qh6 48. Nh4 Bc8 49. Qxc8 Qxh4+ 50. Kg2 Qg5+ 51. Kh3 Qe3+ 52. Kh4 Qg5+ 53.
Kh3 Kh7 54. a3 Qh6+ 55. Kg3 Qg7+ 56. Kh3 Kh6 57. b4 Kh5 58. Qf5+ Kh6 59. Qc8
Qh7 60. Kg4 Qg6+ 61. Kh4 Qg5+ 62. Kh3 Kh5 63. Qe8+ Qg6 64. Qc8 Kg5 65. Kg3 f5
$1 66. bxc5 bxc5 67. Qxc5 f4+ 68. Kf2 Kh4 69. Kf1 f3 70. Qe7+ Kh3 71. Ke1 Qg1+
(71... Qg3+ $1 72. Kd2 f2 $19) 72. Kd2 Qe3+ 73. Kc2 Qe2+ 74. Kb3 Qxd3+ 75. Kb4
f2 0-1

[Event "London PD/GLC Knights"]
[Site "London, County Hall"]
[Date "1984.05.03"]
[Round "8"]
[White "Condie, Mark L"]
[Black "Hartoch, Robert"]
[Result "1/2-1/2"]
[WhiteElo "2340"]
[BlackElo "2355"]
[PlyCount "56"]
[EventDate "1984.04.26"]
[EventType "tourn"]
[EventRounds "15"]
[EventCountry "ENG"]
[EventCategory "4"]
[SourceTitle "BritBase"]
[Source "John Saunders"]
[SourceDate "2020.09.07"]
[SourceVersion "1"]
[SourceVersionDate "2020.09.07"]
[SourceQuality "2"]

1. c4 g6 2. Nf3 Bg7 3. d4 c5 4. e3 Nh6 5. Nc3 O-O 6. Be2 d6 7. O-O Nf5 8. d5 e5
9. dxe6 Bxe6 10. Qd2 Nc6 11. Rd1 Qe7 12. b3 Rfd8 13. Bb2 Rab8 14. Rab1 a6 15.
Qe1 h6 16. Bd3 Ne5 17. Be4 b5 18. Nxe5 dxe5 19. Rxd8+ Qxd8 20. Bd5 Bxd5 21.
Nxd5 bxc4 22. bxc4 Nd6 23. Qc3 Qh4 24. f4 Ne4 25. Qc2 exf4 26. Qxe4 Rxb2 27.
Rf1 Rxa2 28. Qe8+ Kh7 1/2-1/2

[Event "London PD/GLC Knights"]
[Site "London, County Hall"]
[Date "1984.05.03"]
[Round "8"]
[White "Fischdick, Gisela"]
[Black "Cox, John J"]
[Result "0-1"]
[WhiteElo "2215"]
[BlackElo "2350"]
[PlyCount "82"]
[EventDate "1984.04.26"]
[EventType "tourn"]
[EventRounds "15"]
[EventCountry "ENG"]
[EventCategory "4"]
[SourceTitle "BritBase"]
[Source "John Saunders"]
[SourceDate "2020.09.07"]
[SourceVersion "1"]
[SourceVersionDate "2020.09.07"]
[SourceQuality "2"]

1. d4 e6 2. c4 f5 3. Nf3 Nf6 4. Nc3 Bb4 5. g3 Bxc3+ 6. bxc3 O-O 7. Bg2 d6 8.
O-O Qe7 9. Ba3 Nc6 10. c5 d5 11. Rb1 Rb8 12. Qc1 Re8 13. Ne5 Nd7 14. Nd3 Qf7
15. Rd1 Na5 16. Qf4 Nc4 17. Bc1 c6 18. Qc7 Ra8 19. Qf4 b6 20. Qc7 Nb8 21. Bf4
Qxc7 22. Bxc7 Nd7 23. e3 Ba6 24. cxb6 axb6 25. Bf1 Rec8 26. Bf4 Bb5 27. Nb4 Na3
28. Rb2 Bxf1 29. Kxf1 h6 30. Rc1 Nf6 31. h4 Nc4 32. Rbc2 Ra3 33. f3 Nh5 34. Ke2
Kf7 35. Rb1 Ke7 36. Rb3 Ra4 37. Be5 Nxe5 38. dxe5 Nxg3+ 39. Kf2 Nh5 40. f4 c5
41. Nd3 c4 0-1

[Event "London PD/GLC Knights"]
[Site "London, County Hall"]
[Date "1984.05.03"]
[Round "8"]
[White "McNab, Colin Anderson"]
[Black "Littlewood, Paul E"]
[Result "0-1"]
[WhiteElo "2375"]
[BlackElo "2435"]
[PlyCount "62"]
[EventDate "1984.04.26"]
[EventType "tourn"]
[EventRounds "15"]
[EventCountry "ENG"]
[EventCategory "4"]
[SourceTitle "BritBase"]
[Source "John Saunders"]
[SourceDate "2020.09.07"]
[SourceVersion "1"]
[SourceVersionDate "2020.09.07"]
[SourceQuality "2"]

1. Nf3 Nf6 2. g3 g6 3. b3 Bg7 4. Bb2 O-O 5. Bg2 d6 6. O-O e5 7. c4 c5 8. Nc3
Nc6 9. d3 Nh5 10. Nd5 $2 e4 11. Bxg7 exf3 12. Bxf8 fxg2 13. Kxg2 Qxf8 14. Qd2
Qd8 15. h3 Be6 16. g4 Qh4 17. Rh1 Nf6 18. e4 Nd4 19. f4 Nxd5 20. cxd5 Bxg4 21.
Raf1 Bd7 22. Qf2 Qxf2+ 23. Rxf2 a5 24. Rb1 b6 25. Kg3 Re8 26. Re1 Bc8 27. Rd2
Ba6 28. Kf2 f5 29. e5 Kf7 30. Rdd1 Nc2 31. Re2 Nb4 0-1

[Event "London PD/GLC Knights"]
[Site "London, County Hall"]
[Date "1984.05.04"]
[Round "9"]
[White "Cox, John J"]
[Black "Nicholson, John G"]
[Result "1-0"]
[WhiteElo "2350"]
[BlackElo "2260"]
[PlyCount "111"]
[EventDate "1984.04.26"]
[EventType "tourn"]
[EventRounds "15"]
[EventCountry "ENG"]
[EventCategory "4"]
[SourceTitle "BritBase"]
[Source "John Saunders"]
[SourceDate "2020.09.07"]
[SourceVersion "1"]
[SourceVersionDate "2020.09.07"]
[SourceQuality "2"]

1. e4 c5 2. Nf3 e6 3. d4 cxd4 4. Nxd4 a6 5. c4 Nf6 6. Nc3 d6 7. Be2 Be7 8. O-O
O-O 9. Be3 Qc7 10. f4 Re8 11. Qe1 Nc6 12. Qg3 Bf8 13. Rad1 Kh8 14. e5 dxe5 15.
Nxc6 exf4 16. Bxf4 Qxc6 17. Be5 Nd7 18. Rd6 Qc5+ 19. Bd4 Qxd6 20. Bxg7+ Bxg7
21. Qxd6 Ne5 22. Bh5 Bd7 23. Ne4 Bc6 24. Nf6 Nxc4 25. Qd3 Bxf6 26. Rxf6 Rg8 27.
Bf3 Ne5 28. Qc3 Nxf3+ 29. Rxf3+ Rg7 30. Rxf7 Rag8 31. g4 Bd5 32. Qf6 Bxa2 33.
h4 Bb1 34. g5 h5 35. Qh6+ Bh7 36. Rxg7 Rxg7 37. Qxh5 Rc7 38. Qh6 Rc1+ 39. Kf2
Rc2+ 40. Ke3 Kg8 41. g6 Rc7 42. Qf4 Rd7 43. Qb8+ Kg7 44. Qe8 Rd3+ 45. Ke2 Bxg6
46. Qxe6 Kh6 47. Qxg6+ $1 Kxg6 48. Kxd3 Kh5 49. Kc4 Kxh4 50. Kc5 Kg5 51. Kb6
Kf5 52. b4 Ke6 53. Kxb7 Kd7 54. Kxa6 Kc7 55. b5 Kb8 56. Kb6 1-0

[Event "London PD/GLC Knights"]
[Site "London, County Hall"]
[Date "1984.05.04"]
[Round "9"]
[White "Crouch, Colin S"]
[Black "Arkell, Keith C"]
[Result "1-0"]
[WhiteElo "2300"]
[BlackElo "2295"]
[Annotator "Littlewood,PE"]
[PlyCount "73"]
[EventDate "1984.04.26"]
[EventType "tourn"]
[EventRounds "15"]
[EventCountry "ENG"]
[EventCategory "4"]
[SourceTitle "BritBase"]
[Source "John Saunders"]
[SourceDate "2020.09.07"]
[SourceVersion "1"]
[SourceVersionDate "2020.09.07"]
[SourceQuality "2"]

1. d4 Nf6 2. c4 e6 3. Nf3 b6 4. a3 c5 5. d5 Ba6 6. Qb3 $5 $146 g6 (6... b5 $5
7. cxb5 Bb7 $44) 7. Bg5 $1 h6 8. Bh4 Bg7 (8... exd5 9. Qe3+ $18) 9. Nc3 O-O (
9... exd5 $6 10. Nxd5 $1 g5 11. Qe3+ Kf8 12. Bg3 Nxd5 13. cxd5 d6 14. h4 $1 $36
) 10. e4 g5 (10... exd5 $2 11. e5 $1 $18) 11. Bg3 exd5 12. cxd5 Bxf1 13. Rxf1
Re8 (13... d6 $5 14. O-O-O Nh5 15. Nd2 a6 16. Nc4 b5 17. Ne3 $14) 14. Nd2 d6
15. O-O-O a6 $5 (15... Nh5) 16. Nc4 $1 Nxe4 17. Nxe4 Rxe4 18. Nxd6 $14 Re2 19.
Qf3 $1 Qe7 $1 20. Nf5 Bxb2+ 21. Kb1 Qe8 22. Nxh6+ Kh7 $2 (22... Kf8 $2 23. Bd6+
Kg7 24. Nf5+ Kg8 25. Ne7+ $1 $18) (22... Kg7 $1 23. Nf5+ Kg8 24. Nd6 (24. Ne3
$2 Qb5 $1 25. a4 Qb3 26. Qxe2 Bf6+ 27. Kc1 Qa3+ $10) 24... Qe7 25. Rd3 $1 Bf6
26. Re3 Rxe3 27. fxe3 Nd7 28. h4 $1 $36) 23. Qxf7+ Qxf7 24. Nxf7 Kg6 25. Rfe1
$1 $18 Rxe1 26. Rxe1 Bf6 27. Ne5+ Kf5 28. Re3 {(/\ Rf3)} Bg7 (28... g4 29. f3
$1) 29. Nc4 $1 b5 30. Nb6 Ra7 31. Nc8 $1 (31. Bxb8 Rb7) 31... Rd7 32. Bxb8 Bd4
33. Re8 b4 34. axb4 cxb4 35. d6 b3 36. Re7 Rd8 37. Bc7 $1 1-0

[Event "London PD/GLC Knights"]
[Site "London, County Hall"]
[Date "1984.05.04"]
[Round "9"]
[White "Jackson, Sheila"]
[Black "Condie, Mark L"]
[Result "1/2-1/2"]
[WhiteElo "2185"]
[BlackElo "2340"]
[PlyCount "120"]
[EventDate "1984.04.26"]
[EventType "tourn"]
[EventRounds "15"]
[EventCountry "ENG"]
[EventCategory "4"]
[SourceTitle "BritBase"]
[Source "John Saunders"]
[SourceDate "2020.09.07"]
[SourceVersion "1"]
[SourceVersionDate "2020.09.07"]
[SourceQuality "2"]

1. e4 c6 2. d4 d5 3. exd5 cxd5 4. Bd3 g6 5. c3 Nc6 6. Bf4 Bg7 7. h3 Nh6 8. Nf3
f6 9. O-O Nf7 10. c4 e5 11. cxd5 Qxd5 12. Nc3 Qa5 13. dxe5 fxe5 14. Bg3 Be6 15.
a3 O-O 16. Re1 Rad8 17. Qe2 Rfe8 18. Bh4 Nd4 19. Nxd4 Rxd4 20. Ne4 Bf5 21. g4
Bxe4 22. Bxe4 Nd6 23. b4 Qc7 24. Rac1 Qd7 25. Bg2 Nf5 26. Bg5 Bh6 27. Bxh6 Nxh6
28. Rc5 Nf7 29. Qc2 Re7 30. Rc1 Rd2 31. Qc4 Qd4 32. Rf1 Kg7 33. Rc7 Qxc4 34.
Rxc4 Nd6 35. Rc5 e4 36. Rc3 Kf6 37. Re1 Kg5 38. Rce3 Rf7 39. R1e2 Rxe2 40. Rxe2
Kf4 41. Rd2 Nb5 42. a4 Nc3 43. a5 Rc7 44. Bf1 h5 45. gxh5 gxh5 46. Rd8 Rg7+ 47.
Bg2 Rg5 48. Rc8 Ne2+ 49. Kf1 Nd4 50. Rc4 Rd5 51. Ke1 Nf3+ 52. Bxf3 Kxf3 53. Rc7
Rb5 54. Kf1 Kf4 55. Rc4 Ke5 56. f3 exf3 57. Kf2 Rd5 58. Rc7 Kf4 59. Rf7+ Ke4
60. Re7+ Kf4 1/2-1/2

[Event "London PD/GLC Knights"]
[Site "London, County Hall"]
[Date "1984.05.04"]
[Round "9"]
[White "Large, Peter G"]
[Black "Fischdick, Gisela"]
[Result "1/2-1/2"]
[WhiteElo "2295"]
[BlackElo "2215"]
[PlyCount "108"]
[EventDate "1984.04.26"]
[EventType "tourn"]
[EventRounds "15"]
[EventCountry "ENG"]
[EventCategory "4"]
[SourceTitle "BritBase"]
[Source "John Saunders"]
[SourceDate "2020.09.07"]
[SourceVersion "1"]
[SourceVersionDate "2020.09.07"]
[SourceQuality "2"]

1. e4 c5 2. Nf3 e6 3. d4 cxd4 4. Nxd4 Nc6 5. Nc3 Qc7 6. g3 a6 7. Bg2 Nf6 8. O-O
Nxd4 9. Qxd4 Bc5 10. Bf4 d6 11. Qd2 h6 12. Rad1 e5 13. Be3 Bg4 14. Bxc5 dxc5
15. f3 Be6 16. f4 O-O 17. Nd5 Bxd5 18. exd5 Qd6 19. Rfe1 exf4 20. Qxf4 Rfd8 21.
Qxd6 Rxd6 22. Re7 b6 23. Rc7 Rad8 24. c4 R8d7 25. Rc8+ Rd8 26. Bh3 Rxc8 27.
Bxc8 a5 28. Bb7 Ne4 29. Rd3 f5 30. Re3 Kf7 31. Bc8 g6 32. g4 Nd2 33. gxf5 Nxc4
34. Re2 gxf5 35. Bxf5 Kf6 36. Be6 a4 37. Kg2 Ne5 38. Rf2+ Kg6 39. h4 c4 40. h5+
Kg7 41. Kg3 (41. Rf5 Nd3 42. Rf7+ Kh8 43. Rf6 Kg7 44. Rg6+ Kf8 45. Kg3 $5 $13)
41... Rd8 42. Rf5 Nd3 43. Rf7+ Kh8 44. Rc7 Nc5 45. Kf4 a3 46. bxa3 c3 47. Bf5
Rxd5 48. Rc6 Kg7 49. Rg6+ Kf7 50. Rg3 Ne6+ 51. Bxe6+ Kxe6 52. Rxc3 Rxh5 53.
Rc6+ Kd7 54. Rxb6 Rh2 1/2-1/2

[Event "London PD/GLC Knights"]
[Site "London, County Hall"]
[Date "1984.05.05"]
[Round "10"]
[White "Arkell, Keith C"]
[Black "Condie, Mark L"]
[Result "1-0"]
[WhiteElo "2295"]
[BlackElo "2340"]
[PlyCount "91"]
[EventDate "1984.04.26"]
[EventType "tourn"]
[EventRounds "15"]
[EventCountry "ENG"]
[EventCategory "4"]
[SourceTitle "BritBase"]
[Source "John Saunders"]
[SourceDate "2020.09.07"]
[SourceVersion "1"]
[SourceVersionDate "2020.09.07"]
[SourceQuality "2"]

1. e4 e5 2. Nf3 Nf6 3. Nc3 Bb4 4. a3 Bxc3 5. bxc3 O-O 6. d3 Nc6 7. Bg5 d6 8.
Nd2 h6 9. Bh4 Bd7 10. Be2 Qe7 11. h3 Qe6 12. c4 Ne7 13. Nf1 b5 14. cxb5 d5 15.
Bxf6 Qxf6 16. c4 dxc4 17. dxc4 Rad8 18. Qc2 Qg5 19. Ne3 f5 20. Bf3 f4 21. Nd5
Nxd5 22. cxd5 Bxb5 23. Rb1 Rb8 24. Qxc7 a6 25. Qd6 Rbc8 26. h4 Qd8 27. Qxd8
Rfxd8 28. Kd2 Rc4 29. Rhc1 Rd4+ 30. Ke1 Rd3 31. a4 Bxa4 32. Rb7 Rd7 33. Rxd7
Bxd7 34. Rc7 Ba4 35. Re7 Kf8 36. Re6 a5 37. Ra6 Rd4 38. d6 Bc2 39. Bg4 Bxe4 40.
f3 Bb7 41. Rb6 Rb4 42. d7 Ke7 43. Rg6 Kd8 44. Rxg7 Kc7 45. Rg8 Rd4 46. Rc8+ 1-0

[Event "London PD/GLC Knights"]
[Site "London, County Hall"]
[Date "1984.05.05"]
[Round "10"]
[White "Britton, Richard"]
[Black "Hartoch, Robert"]
[Result "1-0"]
[WhiteElo "2310"]
[BlackElo "2355"]
[PlyCount "85"]
[EventDate "1984.04.26"]
[EventType "tourn"]
[EventRounds "15"]
[EventCountry "ENG"]
[EventCategory "4"]
[SourceTitle "BritBase"]
[Source "John Saunders"]
[SourceDate "2020.09.07"]
[SourceVersion "1"]
[SourceVersionDate "2020.09.07"]
[SourceQuality "2"]

1. g3 d5 2. Bg2 c6 3. b3 Bg4 4. Bb2 Nd7 5. h3 Bh5 6. d3 Ngf6 7. Nd2 e6 8. Ngf3
Bxf3 9. Bxf3 Bc5 10. O-O O-O 11. Kh2 Qe7 12. a3 a5 13. e4 dxe4 14. dxe4 e5 15.
Qe2 Rfd8 16. Bg2 Bd4 17. c3 Bb6 18. b4 axb4 19. axb4 Ne8 20. Nc4 Nd6 21. Na3
Ra4 22. Rfd1 Bc7 23. Nc2 Rxa1 24. Rxa1 Qe6 25. Bc1 Nb6 26. Bg5 f6 27. Bd2 Nbc4
28. Be1 Bb6 29. h4 Qf7 30. h5 Nb2 31. Na3 Nbc4 32. Bh3 Nxa3 33. Rxa3 Kf8 34. h6
g6 35. Bf1 Qe6 36. c4 Bd4 37. c5 Nb5 38. Bh3 Qf7 39. Rf3 Ke7 40. Bd2 Rf8 41.
Bg5 Nc3 42. Rxf6 $1 Qxf6 (42... Nxe2 43. Re6+ Kd7 44. Re7+ Kd8 45. Rxf7+ Ke8
46. Re7+ Kd8 47. Rg7+ Rf6 48. Bxf6+ Ke8 49. Bd7+ Kf8 50. Be7#) 43. Qg4 1-0

[Event "London PD/GLC Knights"]
[Site "London, County Hall"]
[Date "1984.05.05"]
[Round "10"]
[White "Crouch, Colin S"]
[Black "McKay, Roderick M"]
[Result "0-1"]
[WhiteElo "2300"]
[BlackElo "2355"]
[PlyCount "140"]
[EventDate "1984.04.26"]
[EventType "tourn"]
[EventRounds "15"]
[EventCountry "ENG"]
[EventCategory "4"]
[SourceTitle "BritBase"]
[Source "John Saunders"]
[SourceDate "2020.09.07"]
[SourceVersion "1"]
[SourceVersionDate "2020.09.07"]
[SourceQuality "2"]

1. d4 Nf6 2. c4 e6 3. Nf3 Bb4+ 4. Nbd2 O-O 5. e3 d6 6. Be2 a5 7. O-O a4 8. Qc2
Qe7 9. a3 Bxd2 10. Bxd2 Nc6 11. e4 e5 12. d5 Nb8 13. Nh4 Na6 14. Nf5 Bxf5 15.
exf5 Nc5 16. Bg5 Rfe8 17. Rae1 e4 18. g4 Qe5 19. Qc3 Nfd7 20. Qxe5 Nxe5 21. Rc1
Nb3 22. Rcd1 Nf3+ 23. Bxf3 exf3 24. Rfe1 h6 25. Be3 Re4 26. h3 Rxc4 27. Kh2 Rc2
28. Rb1 Ra5 29. Red1 Rb5 30. Kg3 Nc5 31. Rdc1 Rxc1 32. Rxc1 b6 33. Rc2 f6 34.
Bxc5 dxc5 35. Kxf3 Rb3+ 36. Ke4 Kf7 37. f3 Ke7 38. h4 Kd6 39. Rg2 b5 40. Rc2 c4
41. g5 hxg5 42. hxg5 c3 43. bxc3 Kc5 44. gxf6 gxf6 45. Rh2 Rxc3 46. Rh6 Rc4+
47. Kd3 Kxd5 48. Rxf6 Rd4+ 49. Ke3 c5 50. Re6 Rd1 51. Re4 Rh1 52. f6 Rh8 53. f7
Rf8 54. Re7 Kc4 55. Rb7 b4 56. axb4 cxb4 57. Kd2 Kb3 58. Re7 a3 59. Kc1 Rc8+
60. Kd2 a2 61. Re8 Rc2+ 62. Ke3 a1=Q 63. f8=Q Qe1+ 64. Kf4 Qh4+ 65. Ke5 Re2+
66. Kd6 Qd4+ 67. Kc6 Rc2+ 68. Kb5 Qd7+ 69. Ka5 Qa7+ 70. Kb5 Qb7+ 0-1

[Event "London PD/GLC Knights"]
[Site "London, County Hall"]
[Date "1984.05.05"]
[Round "10"]
[White "Lawton, Geoffrey W"]
[Black "Cox, John J"]
[Result "1-0"]
[WhiteElo "2395"]
[BlackElo "2350"]
[PlyCount "75"]
[EventDate "1984.04.26"]
[EventType "tourn"]
[EventRounds "15"]
[EventCountry "ENG"]
[EventCategory "4"]
[SourceTitle "BritBase"]
[Source "John Saunders"]
[SourceDate "2020.09.07"]
[SourceVersion "1"]
[SourceVersionDate "2020.09.07"]
[SourceQuality "2"]

1. e4 c5 2. Nf3 e6 3. d4 cxd4 4. Nxd4 a6 5. Bd3 Nc6 6. Nxc6 dxc6 7. O-O e5 8.
Nd2 Bd6 9. a4 Ne7 10. Qh5 Ng6 11. g3 O-O 12. Nc4 Bc7 13. b3 Be6 14. Ba3 b5 15.
Ne3 Re8 16. Rfd1 Qb8 17. Be2 Bb6 18. Nf5 Qa7 19. Qf3 Red8 20. h4 Bc5 21. Bb2
Qc7 22. h5 Nf8 23. Nxg7 Be7 24. Nf5 Bxf5 25. Qxf5 f6 26. Kg2 Rxd1 27. Rxd1 Rd8
28. Bd3 c5 29. axb5 axb5 30. Qf3 c4 31. bxc4 bxc4 32. Bf1 Rxd1 33. Qxd1 c3 34.
Qd5+ Kh8 35. Bc4 Qxc4 36. Qxc4 cxb2 37. Qb3 Ba3 38. Qxa3 1-0

[Event "London PD/GLC Knights"]
[Site "London, County Hall"]
[Date "1984.05.05"]
[Round "10"]
[White "McNab, Colin Anderson"]
[Black "Jackson, Sheila"]
[Result "1-0"]
[WhiteElo "2375"]
[BlackElo "2185"]
[PlyCount "71"]
[EventDate "1984.04.26"]
[EventType "tourn"]
[EventRounds "15"]
[EventCountry "ENG"]
[EventCategory "4"]
[SourceTitle "BritBase"]
[Source "John Saunders"]
[SourceDate "2020.09.07"]
[SourceVersion "1"]
[SourceVersionDate "2020.09.07"]
[SourceQuality "2"]

1. g3 d5 2. Bg2 c6 3. d3 Nf6 4. f4 Bf5 5. Nf3 Qb6 6. e3 e6 7. O-O Be7 8. Qe2
Nbd7 9. Nbd2 O-O 10. h3 h6 11. Kh2 a5 12. Re1 a4 13. g4 Bh7 14. g5 hxg5 15.
Nxg5 Bg6 16. Rg1 e5 17. f5 $1 Bxf5 18. e4 Bc5 19. Rf1 Bg6 20. Ndf3 dxe4 21.
dxe4 Rfe8 $2 22. Nh4 Nf8 23. Bf3 a3 24. b3 Qa6 25. Qg2 Rad8 26. Nxf7 $3 Bxf7
27. Be2 b5 28. Bh6 g6 29. Rxf6 Be7 30. Rxg6+ $1 Nxg6 31. Nxg6 Bf6 32. Rf1 c5
33. Bxb5 Qd6 34. Bxe8 Rxe8 35. Nf8+ Kh8 36. Qf2 1-0